Score 0/20 Timer 02:00
1 Play Today
U2 Song Missing Word % Correct
With or ___ YouWithout
95.2%
I Still Haven't ___ What I'm Looking ForFound
93.7%
All I ___ Is YouWant
86.7%
Sunday ___ SundayBloody
80.1%
Two ___ Beat as OneHearts
79.5%
Even ___ Than the Real ThingBetter
78.9%
The Sweetest ___Thing
78.7%
Where the ___ Have No NameStreets
76%
Beautiful ___Day
74.8%
When ___ Comes to TownLove
69.5%
U2 Song Missing Word % Correct
City of Blinding ___Lights
56.4%
New ___ DayYear's
46.5%
___ (In the Name of Love)Pride
43.2%
___ of HarlemAngel
38.8%
Who's Gonna Ride Your Wild ___Horses
37.6%
___ WaysMysterious
37.4%
Hold Me, ___ Me, Kiss Me, Kill MeThrill
37%
The Unforgettable ___Fire
33.8%
In God's ___Country
28.3%
Get on Your ___Boots
23%

Today's Daily Dose

Word Ladder
Silence

Get the Picture
Philly Team Facts

You're not logged in!

Compare scores with friends on all Sporcle quizzes.
OR
Log In

Sporcle TV

Today on Sporcle TV


Watch our educational content, quiz creation guides, and fun videos on Sporcle TV.

Show Comments

Extras

Top Quizzes Today


Score Distribution

Your Account Isn't Verified!

In order to create a playlist on Sporcle, you need to verify the email address you used during registration. Go to your Sporcle Settings to finish the process.

Report this User

Report this user for behavior that violates our Community Guidelines.

Details: